| 000 | 00342nam a22001457a 4500 | ||
|---|---|---|---|
| 003 | MACL | ||
| 005 | 20190711153831.0 | ||
| 008 | 190711b xxu||||| |||| 00| 0 eng d | ||
| 040 | _cMACL | ||
| 100 |
_aSharma, Rajeev _96218 |
||
| 245 | _aAyurveda for all | ||
| 260 |
_aDelhi _bLotus Press _c201 |
||
| 650 |
_aMedical _975922 |
||
| 942 |
_2ddc _cBK |
||
| 999 |
_c60526 _d60526 |
||